| 000 | 00495nam a2200181Ia 4500 | ||
|---|---|---|---|
| 003 | LK-CoDNM | ||
| 005 | 20240319111005.0 | ||
| 008 | 010623t1931 xxu||||| |||| 00| 1 sin d | ||
| 040 |
_aLK-CoDNM _dLK-CoDNM _eLK-CoDNM |
||
| 041 | _asin | ||
| 080 | _a104 KK4 | ||
| 100 | _aSumansara thero,Aluthgama | ||
| 245 | _aසද්ධර්මාවබොධනය | ||
| 246 | _aSaddharmaavabodanaya | ||
| 260 |
_bM.D.De S.Gunawardhana _aAluthgama _c1931 |
||
| 300 |
_bDamaged _a56p.,14 cm |
||
| 942 | _cBK | ||
| 999 |
_c96043 _d96043 |
||